| 000 | 00442cam a2200169ua 4500 | ||
|---|---|---|---|
| 020 |
_a9789812358660 _cRs.325/- |
||
| 041 |
_aeng _h |
||
| 082 |
_a658.514 _bMAZ/EN |
||
| 100 | _aFraiddoom , Mazda . | ||
| 245 |
_aEngineering Management / _cMazda,fraridoom. _hTextual Documents |
||
| 260 |
_a : _bPearson Education Asia , _c2000. |
||
| 300 | _a658 ; . | ||
| 365 | _aRs.325/- | ||
| 504 | _a | ||
| 942 | _cBK | ||
| 999 |
_c12377 _d12377 |
||